| 000 | 01019nam a2200277 4500 | ||
|---|---|---|---|
| 005 | 20160527120147.0 | ||
| 008 | 160527s1995 gw ||||rb||| 001 0 eng d | ||
| 040 |
_aCO-BoIAVH _cCO-BoIAVH |
||
| 041 | 0 | _aeng | |
| 044 | _agx | ||
| 090 |
_aRE- _b00063 |
||
| 100 | 1 |
_aBlümlein, Gabriele _eautora |
|
| 245 | 1 | 0 |
_aContributions from Germany in field of plant genetic resources _bselected bibliography / _cGabriele Blümlein [y otros 5] |
| 260 |
_aBonn : _bZADI, _c1995. |
||
| 300 |
_a260 páginas ; _c30 x 21 cm. |
||
| 650 | 2 | 6 |
_aRecursos fitogenéticos _vBibliografías |
| 650 | 2 | 6 |
_aAgricultura _vBibliografías |
| 650 | 2 | 6 |
_aBiodiversidad _xconservación _vBibliografías |
| 650 | 2 | 6 |
_aBosques _xconservación _vBibliografías |
| 700 | 1 |
_aOetmann, Anja _eautor |
|
| 700 | 1 |
_aJiménez Krause, Daniel _eautor |
|
| 700 | 1 |
_aBrockhaus, Ralph _eautor |
|
| 700 | 1 |
_aAndres, Marianne _eautora |
|
| 700 | 1 |
_aMaschka, Rainer _eautor |
|
| 942 |
_cLIBRO _2ddc |
||
| 999 |
_c1272 _d1272 |
||